00637 a2200157 4500952012500000999001700125050003000142100002700172245008400199264005800283300001000341500001900351650005100370651001300421942004500434 001040708NFICaLLbLLcGENd2021-10-13l0oKTZ2.23.A8 C66 2001p006176r2021-10-13 00:00:00tc.1w2021-10-13ySERIALS c10075d10075 aKTL2.23. Z8 C66 ZIM 2001 aRowland Reid Jeeditor aThe Consolidated Index to the Zimbabwean Law Reportsb1992-1999cJ Reid Rowland aHarare, Zimbabwe :bLegal Resources Foundation,c2001 a426p. aIncludes index aConsolidated index to the Zimbabwe Law Reports aZimbabwe 2lcccSERIALSh2.23.A8 C66 2001iZIMkKTZ